| 000 | 00991nam a2200241 4500 | ||
|---|---|---|---|
| 999 |
_c80304 _d317581 |
||
| 003 | OSt | ||
| 005 | 20220622143443.0 | ||
| 008 | 220622b2016 jo ||||g |||| 00| 0 ara d | ||
| 020 | _a9789957992033 | ||
| 040 |
_aMa-Un _cMa-Un |
||
| 082 | 0 | 4 |
_a158.2 _bخ ع د _221 |
| 100 | 1 |
_aالخالدي، عصام _991652 |
|
| 245 | 1 | 2 |
_aالدليل الشامل لتطوير وتنمية الذات : _bطريقك إلى القمة والتميز في الحياة / _cعصام الخالدي. |
| 250 | _aط. 1. | ||
| 260 |
_aعمان، الأردن : _bدار أمجد للنشر والتوزيع، _c2016 _m1437 |
||
| 300 |
_a191 ص. : _bإيض. ؛ _c24 سم. |
||
| 504 | _aيشتمل على قائمة ببليوجرافية. | ||
| 650 | 7 |
_aالعلاقات الشخصية _xجوانب نفسية _991917 |
|
| 650 | 7 |
_aالعلاقات الإنسانية _xجوانب نفسية _915002 |
|
| 650 | 7 |
_aعلم النفس التطبيقي _991918 |
|
| 650 | 7 |
_aالنجاح _991919 |
|
| 942 |
_2ddc _cBOOK |
||